[Event "BL 1112 Hansa Dortmund - OSG Baden Bade"]
[Site "?"]
[Date "2011.12.11"]
[Round "7.6"]
[White "Kotter, Ralf"]
[Black "Gustafsson, Jan"]
[Result "1/2-1/2"]
[WhiteElo "2317"]
[BlackElo "2631"]
[PlyCount "70"]
[EventDate "2011.??.??"]

1. e4 e5 2. Nf3 Nc6 3. Bc4 Nf6 4. d3 Bc5 5. c3 a6 6. Bb3 d6 7. h3 Ba7 8. Nbd2
O-O 9. Nf1 d5 10. Qe2 Be6 11. Bg5 dxe4 12. dxe4 Bxb3 13. axb3 Qd6 14. Ng3 Ne8
15. O-O Qe6 16. Nd2 Nd6 17. Rfd1 f6 18. Be3 Bxe3 19. Qxe3 Rfd8 20. Qe2 Rd7 21.
Nc4 Rad8 22. Nxd6 Qxb3 23. Ngf5 cxd6 24. Qg4 g6 25. Ne3 Ne7 26. Rd2 Kf7 27.
Rad1 Qe6 28. Qf3 Kg7 29. Nd5 Nc8 30. Qe3 Rf7 31. Nb6 Ne7 32. Nd5 Nc6 33. Qb6
Rfd7 34. Nc7 Qf7 35. Nxa6 f5 1/2-1/2

[Event "BL 1112 Hansa Dortmund - OSG Baden Bade"]
[Site "?"]
[Date "2011.12.11"]
[Round "7.7"]
[White "Dautov, Rustem"]
[Black "Zelbel, Patrick"]
[Result "1-0"]
[WhiteElo "2603"]
[BlackElo "2408"]
[PlyCount "73"]
[EventDate "2011.??.??"]

1. d4 Nf6 2. c4 g6 3. g3 Bg7 4. Bg2 d6 5. Nc3 O-O 6. e3 Nbd7 7. Nge2 e5 8. O-O
c6 9. b3 exd4 10. Nxd4 a5 11. Ba3 Nc5 12. Qd2 Qe7 13. Rad1 a4 14. b4 Nce4 15.
Nxe4 Nxe4 16. Qd3 Re8 17. f3 Nf6 18. e4 Be6 19. Rfe1 Qd7 20. Bc1 Bh3 21. Ne2
Be6 22. Nf4 Red8 23. Nxe6 Qxe6 24. f4 Ne8 25. a3 Qf6 26. Be3 Qc3 27. Bb6 Rd7
28. Qxc3 Bxc3 29. Re3 Bf6 30. e5 Bh8 31. exd6 f5 32. c5 Nf6 33. Rde1 Kf8 34. h3
Ng8 35. Kh2 Rc8 36. Bf1 Nf6 37. Bc4 1-0

[Event "BL 1112 Hansa Dortmund - OSG Baden Bade"]
[Site "?"]
[Date "2011.12.11"]
[Round "7.8"]
[White "Bluebaum, Matthias"]
[Black "Schlosser, Philipp"]
[Result "1/2-1/2"]
[WhiteElo "2388"]
[BlackElo "2591"]
[PlyCount "60"]
[EventDate "2011.??.??"]

1. d4 Nf6 2. c4 e6 3. g3 d5 4. Nf3 Bb4+ 5. Bd2 Be7 6. Bg2 c6 7. Qc2 Nbd7 8. O-O
b6 9. b3 O-O 10. Rd1 Ba6 11. a4 c5 12. a5 Qc8 13. cxd5 Nxd5 14. e4 Nb4 15. Bxb4
cxb4 16. Qxc8 Rfxc8 17. axb6 axb6 18. Nbd2 Kf8 19. Rdc1 Rxc1+ 20. Rxc1 Ke8 21.
Bf1 Rc8 22. Ra1 Bxf1 23. Kxf1 f5 24. e5 g5 25. h3 h5 26. Ne1 Nf8 27. Ra6 Rd8
28. Nc2 Rc8 29. Ne1 Rd8 30. Nc2 Rc8 1/2-1/2

[Event "BL 1112 SC Eppingen - Turm Emsdetten"]
[Site "?"]
[Date "2011.12.11"]
[Round "7.2"]
[White "Bologan, Victor"]
[Black "Grandelius, Nils"]
[Result "1-0"]
[WhiteElo "2657"]
[BlackElo "2536"]
[PlyCount "155"]
[EventDate "2011.??.??"]

1. e4 c5 2. Nf3 e6 3. d3 Nc6 4. g3 d6 5. Bg2 Nf6 6. O-O Be7 7. c4 O-O 8. Nc3 a6
9. d4 cxd4 10. Nxd4 Bd7 11. a4 Rb8 12. Nde2 Ne5 13. b3 b5 14. axb5 axb5 15.
cxb5 Bxb5 16. Nxb5 Rxb5 17. Nd4 Rb6 18. Be3 d5 19. exd5 Nxd5 20. Bxd5 exd5 21.
Nf5 Rb7 22. Bd4 f6 23. Ra6 Qd7 24. Bxe5 fxe5 25. Nxe7+ Qxe7 26. Qxd5+ Qf7 27.
Qxf7+ Kxf7 28. Rc1 Kg8 29. Rc3 Rfb8 30. Ra3 e4 31. Kf1 h6 32. Re3 Kh7 33. h4
Rb5 34. Ke2 R8b7 35. Kf1 Rb8 36. Kg2 R8b7 37. Kh3 Rb8 38. Kg4 h5+ 39. Kh3 R8b7
40. Kg2 Rb8 41. Kf1 R8b6 42. Ke2 Rb7 43. Rc3 Rb8 44. Kd1 R8b6 45. Kc1 Rb7 46.
Re3 Rb8 47. Kb1 R8b7 48. Ka1 Rb8 49. Kb2 Rf5 50. Ra4 Rxf2+ 51. Ka3 Rf1 52.
Raxe4 Ra1+ 53. Kb2 Rg1 54. Re5 Kh6 55. Rc5 Rb6 56. Rc1 Rg2+ 57. Ka3 g5 58.
hxg5+ Kxg5 59. Rc5+ Kg4 60. Rc4+ Kg5 61. b4 Rg1 62. Rc5+ Kg4 63. b5 Rb8 64. Kb4
Rb1+ 65. Rb3 Rg1 66. Rc4+ Kg5 67. Rc6 Kg4 68. b6 Rxg3 69. Rg6+ Kh4 70. Rbxg3
Rxb6+ 71. Rxb6 Kxg3 72. Rg6+ Kf3 73. Rh6 Kg4 74. Kc3 h4 75. Kd2 h3 76. Ke1 Kg3
77. Kf1 h2 78. Rh8 1-0

[Event "BL 1112 SC Eppingen - Turm Emsdetten"]
[Site "?"]
[Date "2011.12.11"]
[Round "7.3"]
[White "Hector, Jonny"]
[Black "Balogh, Csaba"]
[Result "0-1"]
[WhiteElo "2575"]
[BlackElo "2662"]
[PlyCount "124"]
[EventDate "2011.??.??"]

1. e4 e5 2. Nf3 Nc6 3. Bc4 Bc5 4. c3 Nf6 5. d3 O-O 6. Bb3 d5 7. Qe2 Be6 8. Nbd2
Re8 9. Ba4 Bd6 10. O-O Nh5 11. Nb3 Qf6 12. c4 dxc4 13. dxc4 Nf4 14. Bxf4 exf4
15. Bxc6 bxc6 16. Nfd4 Bd7 17. c5 Be5 18. Rfd1 a5 19. a4 Reb8 20. Rd3 Be6 21.
Qc2 Bxb3 22. Nxb3 Rb4 23. Rad1 h6 24. f3 Rab8 25. Kh1 Kh7 26. Nxa5 Rxb2 27. Qc1
Ra2 28. Nc4 Rxa4 29. Qc2 Rbb4 30. Nxe5 Qxe5 31. Rd7 Ra1 32. Rxa1 Qxa1+ 33. Rd1
Qe5 34. h3 f6 35. Rc1 Kg6 36. Qa2 Qb2 37. Qxb2 Rxb2 38. Kg1 Kf7 39. Rc4 Ke6 40.
Kf1 Ra2 41. Kg1 g5 42. Kf1 h5 43. Kg1 h4 44. Kf1 Rd2 45. Kg1 f5 46. exf5+ Kxf5
47. Kf1 Ke5 48. Re4+ Kd5 49. Re7 Kxc5 50. Rxc7 Kb5 51. Rg7 Rd5 52. Ke2 c5 53.
Rb7+ Kc6 54. Rb8 c4 55. Rc8+ Kb5 56. Rb8+ Ka4 57. Rc8 Kb3 58. Rb8+ Kc2 59. Re8
c3 60. Re7 Kb2 61. Rb7+ Kc1 62. Rc7 c2 0-1

[Event "BL 1112 SC Eppingen - Turm Emsdetten"]
[Site "?"]
[Date "2011.12.11"]
[Round "7.4"]
[White "Gyimesi, Zoltan"]
[Black "Brandenburg, Daan"]
[Result "1/2-1/2"]
[WhiteElo "2646"]
[BlackElo "2522"]
[PlyCount "112"]
[EventDate "2011.??.??"]

1. d4 d5 2. c4 e6 3. Nf3 c5 4. cxd5 exd5 5. Nc3 Nc6 6. g3 Nf6 7. Bg2 Be7 8. O-O
O-O 9. dxc5 Bxc5 10. Na4 Be7 11. Be3 Re8 12. Rc1 Bg4 13. h3 Be6 14. Nd4 Qd7 15.
Kh2 Nxd4 16. Bxd4 b6 17. Nc3 Rac8 18. e3 h6 19. Re1 Ne4 20. Re2 Bc5 21. Rec2
Bxd4 22. Qxd4 Rc4 23. Qd1 Nxc3 24. Rxc3 Rec8 25. Qd2 Rxc3 26. Rxc3 Rxc3 27.
Qxc3 Qa4 28. Bxd5 Bxd5 29. Qc8+ Kh7 30. Qf5+ Kg8 31. Qxd5 Qc2 32. Kg2 Qxb2 33.
Qa8+ Kh7 34. Qxa7 Qf6 35. Qd7 g6 36. Qd5 h5 37. g4 hxg4 38. hxg4 Kg8 39. g5 Qb2
40. a4 Qb4 41. Qd8+ Kh7 42. Qd4 Qb3 43. Qd7 Kg8 44. Qe8+ Kg7 45. Qb5 Qe6 46.
Kg3 Kh7 47. Kf4 Qh3 48. e4 Qa3 49. Qc6 Qb2 50. Kg3 Qe5+ 51. Kg4 Qd4 52. Kf3
Qd1+ 53. Ke3 Qe1+ 54. Kf3 Qd1+ 55. Ke3 Qe1+ 56. Kf3 Qd1+ 1/2-1/2

[Event "BL 1112 SC Eppingen - Turm Emsdetten"]
[Site "?"]
[Date "2011.12.11"]
[Round "7.5"]
[White "Janssen, Ruud"]
[Black "Postny, Evgeny"]
[Result "1/2-1/2"]
[WhiteElo "2498"]
[BlackElo "2622"]
[PlyCount "42"]
[EventDate "2011.??.??"]

1. Nf3 d5 2. c4 dxc4 3. e3 Nf6 4. Bxc4 e6 5. O-O a6 6. a4 c5 7. Nc3 b6 8. Ne5
Qc7 9. f4 Bd6 10. Ng4 Nxg4 11. Qxg4 f5 12. Qh3 Nc6 13. d3 O-O 14. e4 Kh8 15.
Bd2 Nd4 16. Rae1 Rb8 17. exf5 exf5 18. Ne2 b5 19. axb5 axb5 20. Nxd4 cxd4 21.
Bb3 Bd7 1/2-1/2

[Event "BL 1112 SC Eppingen - Turm Emsdetten"]
[Site "?"]
[Date "2011.12.11"]
[Round "7.6"]
[White "Bindrich, Falko"]
[Black "Pruijssers, Roeland"]
[Result "1/2-1/2"]
[WhiteElo "2548"]
[BlackElo "2475"]
[PlyCount "53"]
[EventDate "2011.??.??"]

1. Nf3 d6 2. d4 g6 3. e4 Bg7 4. Nc3 Nf6 5. Be2 O-O 6. O-O c6 7. h3 b5 8. e5 Ne8
9. Bf4 Nc7 10. Bg3 b4 11. Ne4 d5 12. Nc5 Nd7 13. Nxd7 Bxd7 14. a3 a5 15. Qd2
Rb8 16. axb4 axb4 17. b3 Rb7 18. Ne1 Ne6 19. Bg4 Qb6 20. Bxe6 Bxe6 21. Qe3 Bf5
22. Nd3 Bxd3 23. Qxd3 Ra7 24. f4 e6 25. Bh4 Rc8 26. g4 Bf8 27. f5 1/2-1/2

[Event "BL 1112 SC Eppingen - Turm Emsdetten"]
[Site "?"]
[Date "2011.12.11"]
[Round "7.7"]
[White "Zumsande, Martin"]
[Black "Braun, Arik"]
[Result "0-1"]
[WhiteElo "2439"]
[BlackElo "2560"]
[PlyCount "80"]
[EventDate "2011.??.??"]

1. e4 e6 2. d4 d5 3. Nc3 Bb4 4. e5 c5 5. a3 Bxc3+ 6. bxc3 Qc7 7. Nf3 b6 8. Bb5+
Bd7 9. Bd3 Ba4 10. O-O Ne7 11. Re1 Nd7 12. Ng5 h6 13. Nh3 O-O-O 14. Nf4 g6 15.
Ra2 Kb8 16. Be3 Qc6 17. g3 Rc8 18. Qd2 Bb5 19. Rb1 Bxd3 20. Nxd3 cxd4 21. cxd4
Qc4 22. Rb3 Nf5 23. Nc1 Rc6 24. a4 a5 25. Ne2 g5 26. Nc3 f6 27. exf6 Nxf6 28.
Rab2 Kb7 29. Qe1 Rhc8 30. Nb5 Ka6 31. Rc3 Qxa4 32. Ra3 Qc4 33. Rc3 Qxb5 34.
Rxb5 Rxc3 35. Rb1 Rxc2 36. f3 g4 37. Bd2 Nxd4 38. Qf1+ R8c4 39. fxg4 Ne4 40.
Be3 Ne2+ 0-1

[Event "BL 1112 SC Eppingen - Turm Emsdetten"]
[Site "?"]
[Date "2011.12.11"]
[Round "7.8"]
[White "Ruck, Robert"]
[Black "Richter, Christian"]
[Result "1/2-1/2"]
[WhiteElo "2579"]
[BlackElo "2374"]
[PlyCount "75"]
[EventDate "2011.??.??"]

1. Nf3 Nf6 2. c4 g6 3. d4 Bg7 4. g3 O-O 5. Bg2 d6 6. O-O Nc6 7. Nc3 a6 8. Bf4
Rb8 9. Rc1 Bd7 10. Qd2 Bf5 11. b3 Ne4 12. Nxe4 Bxe4 13. d5 Bxf3 14. Bxf3 Nd4
15. Bg2 e5 16. dxe6 fxe6 17. Qd3 Qe7 18. Bd2 Kh8 19. Bc3 Nf5 20. e4 Nh6 21. Bd2
Nf7 22. f4 Nd8 23. Be3 Nc6 24. Qd2 Rf7 25. b4 e5 26. f5 Bf6 27. fxg6 hxg6 28.
b5 Nd4 29. bxa6 bxa6 30. Rb1 Rxb1 31. Rxb1 Kh7 32. Rf1 Bg7 33. Qd1 Qd7 34. Rxf7
Qxf7 35. Qf1 Qd7 36. Qd1 Qf7 37. Qf1 Qd7 38. Qd1 1/2-1/2

[Event "BL 1112 SV Hockenheim - Werder Bremen"]
[Site "?"]
[Date "2011.12.11"]
[Round "7.3"]
[White "Areshchenko, Alexander"]
[Black "Baramidze, David"]
[Result "1-0"]
[WhiteElo "2672"]
[BlackElo "2591"]
[PlyCount "59"]
[EventDate "2011.??.??"]

1. e4 e5 2. Nf3 Nc6 3. d4 exd4 4. Nxd4 Bb4+ 5. c3 Bc5 6. Be3 Bb6 7. Nf5 g6 8.
Bxb6 axb6 9. Ne3 Nf6 10. f3 O-O 11. Be2 Re8 12. Qd2 d5 13. exd5 Ne7 14. c4 b5
15. O-O bxc4 16. Bxc4 b5 17. Bb3 Nf5 18. Nxf5 Bxf5 19. Nc3 c6 20. Qd4 Rc8 21.
Qc5 cxd5 22. Qd4 b4 23. Qxb4 d4 24. Rad1 d3 25. Qh4 h5 26. Rd2 Kg7 27. Qf2 Re7
28. Rfd1 Qe8 29. Ba4 Qd8 30. Bb5 1-0

[Event "BL 1112 SV Hockenheim - Werder Bremen"]
[Site "?"]
[Date "2011.12.11"]
[Round "7.4"]
[White "Miroshnichenko, Evgenij"]
[Black "Roiz, Michael"]
[Result "1/2-1/2"]
[WhiteElo "2624"]
[BlackElo "2668"]
[PlyCount "74"]
[EventDate "2011.??.??"]

1. c4 e5 2. g3 Nf6 3. Bg2 c6 4. Nf3 e4 5. Nd4 d5 6. cxd5 Qxd5 7. e3 Bc5 8. d3
Bxd4 9. exd4 Qxd4 10. dxe4 Qxd1+ 11. Kxd1 O-O 12. Nc3 Na6 13. Ke2 Re8 14. f3
Nd5 15. Bd2 Nxc3+ 16. Bxc3 f5 17. e5 Be6 18. Rhd1 Nc7 19. f4 Bd5 20. Bh3 g6 21.
Bb4 Rad8 22. Kf2 Rd7 23. Bf1 Red8 24. Be2 Kf7 25. a4 b6 26. a5 c5 27. axb6 axb6
28. Bc3 Be6 29. Rxd7+ Rxd7 30. Ke1 Ke7 31. h3 h5 32. h4 Kd8 33. Bd2 Kc8 34. Rc1
Kb7 35. b4 c4 36. Bxc4 Bxc4 37. Rxc4 Rd3 1/2-1/2

[Event "BL 1112 SV Hockenheim - Werder Bremen"]
[Site "?"]
[Date "2011.12.11"]
[Round "7.5"]
[White "Nyback, Tomi"]
[Black "Neubauer, Martin"]
[Result "1/2-1/2"]
[WhiteElo "2627"]
[BlackElo "2431"]
[PlyCount "81"]
[EventDate "2011.??.??"]

1. d4 Nf6 2. c4 e6 3. Nf3 d5 4. Nc3 dxc4 5. e4 Bb4 6. Bxc4 Nxe4 7. O-O Nxc3 8.
bxc3 Be7 9. Ne5 O-O 10. Qg4 Nc6 11. Re1 Nxe5 12. dxe5 Kh8 13. Qh3 Bd7 14. Bd3
g6 15. Bh6 Rg8 16. Be4 Bc6 17. Bxc6 bxc6 18. Rad1 Qe8 19. Be3 c5 20. Qf3 Kg7
21. Qb7 Qc8 22. Qc6 Rd8 23. h3 Rb8 24. Bxc5 Bxc5 25. Qxc5 Qa6 26. Qxc7 Rxd1 27.
Rxd1 Qe2 28. Rf1 Rb2 29. a4 Rc2 30. Qc5 Qd3 31. Qxa7 Qxc3 32. Qe3 Qxe3 33. fxe3
Ra2 34. Rf4 g5 35. Rc4 h5 36. h4 g4 37. Kh2 Kg6 38. Kg3 Re2 39. e4 Ra2 40. Rb4
Ra1 41. Rc4 1/2-1/2

[Event "BL 1112 SV Hockenheim - Werder Bremen"]
[Site "?"]
[Date "2011.12.11"]
[Round "7.6"]
[White "Ribli, Zoltan"]
[Black "Hracek, Zbynek"]
[Result "1/2-1/2"]
[WhiteElo "2588"]
[BlackElo "2624"]
[PlyCount "51"]
[EventDate "2011.??.??"]

1. c4 c5 2. Nc3 g6 3. g3 Bg7 4. Bg2 Nc6 5. e3 e6 6. Nge2 Nge7 7. O-O O-O 8. d4
cxd4 9. Nxd4 d5 10. cxd5 Nxd4 11. exd4 Nxd5 12. Nxd5 exd5 13. Qb3 Bxd4 14. Bh6
Bg7 15. Bxg7 Kxg7 16. Qxd5 Qxd5 17. Bxd5 Rd8 18. Rfd1 Rd6 19. Bb3 Rxd1+ 20.
Rxd1 Bf5 21. f3 Kf6 22. Kf2 Rc8 23. Ke3 Re8+ 24. Kf2 Rc8 25. Ke3 Re8+ 26. Kf2
1/2-1/2

[Event "BL 1112 SV Hockenheim - Werder Bremen"]
[Site "?"]
[Date "2011.12.11"]
[Round "7.7"]
[White "Rapport, Richard"]
[Black "Gasthofer, Alexander"]
[Result "1-0"]
[WhiteElo "2547"]
[BlackElo "2456"]
[PlyCount "145"]
[EventDate "2011.??.??"]

1. Nf3 Nf6 2. c4 e6 3. Nc3 d5 4. d4 Be7 5. cxd5 exd5 6. Qc2 c6 7. h3 Nbd7 8.
Bf4 Nf8 9. e3 Ng6 10. Bh2 Bd6 11. Bxd6 Qxd6 12. Bd3 Be6 13. O-O-O O-O-O 14. Kb1
Kb8 15. Na4 Ne4 16. Bxe4 dxe4 17. Qxe4 Rhe8 18. Qc2 Bd5 19. Nc3 Bxf3 20. gxf3
Qf6 21. f4 Nh4 22. Ne4 Qg6 23. Nc5 Rd6 24. Rhg1 Qxc2+ 25. Kxc2 g6 26. b4 Kc7
27. Kc3 b6 28. Nd3 Rd5 29. Rc1 f6 30. Rc2 Re6 31. Rgc1 Nf5 32. Kb2 Ne7 33. a4
Kd8 34. a5 Kc7 35. axb6+ axb6 36. Kc3 Kb7 37. Kd2 Rh5 38. Rh1 Rb5 39. Ra2 Rh5
40. f3 Rd5 41. Rc1 Rh5 42. Rca1 Nc8 43. Nf2 Rb5 44. Ra4 Rd5 45. Kd3 Rf5 46. Ne4
Rh5 47. Rh1 Rh4 48. Nc3 Rd6 49. b5 cxb5 50. Nxb5 Rd5 51. Rb4 Kb8 52. Kc4 Rhh5
53. Nc3 Ra5 54. Rb3 g5 55. fxg5 Rhxg5 56. Ne4 Rg6 57. Kd3 Ra2 58. Rf1 f5 59.
Nc3 Rh2 60. Nd5 Rc6 61. Nb4 Rg6 62. Rc1 Rgg2 63. Kc4 Kb7 64. Nd3 Rxh3 65. Nf4
Rg7 66. Nxh3 Rc7+ 67. Kd5 Rxc1 68. Ke6 Rh1 69. Nf4 Rf1 70. d5 Rxf3 71. d6 Nxd6
72. Kxd6 Rg3 73. Ke5 1-0

[Event "BL 1112 SV Hockenheim - Werder Bremen"]
[Site "?"]
[Date "2011.12.11"]
[Round "7.8"]
[White "Postojev, Alexander"]
[Black "Babula, Vlastimil"]
[Result "0-1"]
[WhiteElo "2330"]
[BlackElo "2572"]
[PlyCount "58"]
[EventDate "2011.??.??"]

1. d4 Nf6 2. c4 e6 3. Nf3 Bb4+ 4. Nbd2 O-O 5. g3 d5 6. Bg2 dxc4 7. Qc2 a5 8. a4
b6 9. O-O Bb7 10. Rd1 Na6 11. e3 Rc8 12. Nxc4 Be4 13. Qe2 Qd5 14. Bd2 Rfd8 15.
Rac1 Qb7 16. Nce5 Bxd2 17. Rxd2 h6 18. Ne1 Bxg2 19. Nxg2 c5 20. dxc5 Nxc5 21.
Rc4 Rxd2 22. Qxd2 Qd5 23. Qd4 Qa8 24. b4 axb4 25. h3 Rd8 26. Qb2 Nfe4 27. Rd4
b3 28. Nc6 Rxd4 29. exd4 Nxa4 0-1

[Event "BL 1112 USV TU Dresden - SV Mülheim Nor"]
[Site "?"]
[Date "2011.12.11"]
[Round "7.1"]
[White "Fridman, Daniel"]
[Black "Socko, Bartosz"]
[Result "1/2-1/2"]
[WhiteElo "2652"]
[BlackElo "2628"]
[PlyCount "87"]
[EventDate "2011.??.??"]

1. d4 Nf6 2. Nf3 g6 3. g3 Bg7 4. Bg2 O-O 5. O-O d6 6. b3 a6 7. Bb2 b5 8. c4 Bb7
9. Nbd2 Nbd7 10. Qc2 c5 11. d5 Ne8 12. Bxg7 Nxg7 13. Qd3 Qc7 14. Ne4 Rfb8 15.
Nc3 bxc4 16. bxc4 Bc8 17. Rfb1 Qa5 18. a3 Rxb1+ 19. Nxb1 Ne5 20. Qb3 Nxf3+ 21.
Bxf3 Qe1+ 22. Kg2 g5 23. g4 h5 24. h3 f5 25. Qc3 Qxc3 26. Nxc3 hxg4 27. hxg4
fxg4 28. Be4 Rb8 29. Rh1 Kf7 30. Rh7 Rb3 31. Nd1 Rxa3 32. Ne3 Bd7 33. Rh8 Rb3
34. Rd8 Rb7 35. Ra8 Rb6 36. Ra7 Bc8 37. Ra8 Bd7 38. Ra7 Bc8 39. Ra8 Bb7 40. Rh8
Rb4 41. Nxg4 Rxc4 42. Nh6+ Kf6 43. Ng4+ Kf7 44. Nh6+ 1/2-1/2

[Event "BL 1112 USV TU Dresden - SV Mülheim Nor"]
[Site "?"]
[Date "2011.12.11"]
[Round "7.2"]
[White "Gajewski, Grzegorz"]
[Black "Landa, Konstantin"]
[Result "1-0"]
[WhiteElo "2607"]
[BlackElo "2639"]
[PlyCount "95"]
[EventDate "2011.??.??"]

1. d4 d5 2. c4 e6 3. Nc3 Nf6 4. Nf3 c5 5. cxd5 cxd4 6. Qa4+ Bd7 7. Qxd4 exd5 8.
e3 Nc6 9. Qd3 Bg4 10. Be2 Be7 11. O-O O-O 12. Rd1 Nb4 13. Qb1 Bh5 14. Nh4 Bxe2
15. Nxe2 Ne4 16. Nf5 Bf6 17. a3 Nc6 18. Nf4 Qe8 19. f3 Nc5 20. Qc2 Ne7 21.
Nxe7+ Bxe7 22. Nxd5 Rc8 23. b4 Bd6 24. bxc5 Qe5 25. Bb2 Qxh2+ 26. Kf1 Rxc5 27.
Qf5 Qh1+ 28. Kf2 Qh4+ 29. Ke2 Qa4 30. Rd2 Rfc8 31. Qg4 Qxg4 32. fxg4 Bf8 33.
Rad1 f6 34. Nf4 Rb5 35. Ne6 Kf7 36. Nxf8 Rxf8 37. Rc1 Re8 38. a4 Rb3 39. Bd4 b6
40. Rc7+ Re7 41. Rdc2 a5 42. Rxe7+ Kxe7 43. Rc7+ Kf8 44. g5 fxg5 45. Rxg7 Rb4
46. Rxg5 Rxa4 47. Bxb6 Ra2+ 48. Kf3 1-0

[Event "BL 1112 USV TU Dresden - SV Mülheim Nor"]
[Site "?"]
[Date "2011.12.11"]
[Round "7.3"]
[White "Tregubov, Pavel V"]
[Black "Maiwald, Jens-Uwe"]
[Result "1/2-1/2"]
[WhiteElo "2602"]
[BlackElo "2459"]
[PlyCount "64"]
[EventDate "2011.??.??"]

1. d4 g6 2. c4 Bg7 3. Nf3 d6 4. g3 c5 5. Bg2 Nc6 6. dxc5 Qa5+ 7. Nc3 Bxc3+ 8.
bxc3 Qxc5 9. Qd5 Be6 10. Qxc5 dxc5 11. Be3 Bxc4 12. Nd2 Be6 13. Bxc5 Bd7 14.
O-O Nf6 15. Nb3 b6 16. Ba3 Rc8 17. c4 Ne5 18. c5 Nc4 19. Bb4 a5 20. Rfc1 axb4
21. Rxc4 bxc5 22. Nxc5 Bb5 23. Rxb4 Bxe2 24. Re1 O-O 25. Nb3 Bc4 26. Rxe7 Nd5
27. Bxd5 Bxd5 28. Re5 Be6 29. a4 Rfd8 30. Nd4 Rc1+ 31. Kg2 Bc4 32. Nb3 Rc2
1/2-1/2

[Event "BL 1112 USV TU Dresden - SV Mülheim Nor"]
[Site "?"]
[Date "2011.12.11"]
[Round "7.4"]
[White "Loxine, Jakow"]
[Black "Berelowitsch, Alexander"]
[Result "1/2-1/2"]
[WhiteElo "2399"]
[BlackElo "2563"]
[PlyCount "87"]
[EventDate "2011.??.??"]

1. e4 e6 2. d4 d5 3. Nc3 Bb4 4. e5 c5 5. Bd2 Nc6 6. Nb5 Bxd2+ 7. Qxd2 Nxd4 8.
Nxd4 cxd4 9. f4 Qb6 10. O-O-O Ne7 11. Nf3 Nc6 12. Nxd4 Nxd4 13. Qxd4 Qxd4 14.
Rxd4 Bd7 15. h4 Ke7 16. Rh3 h6 17. Kd2 Rhg8 18. Bd3 Raf8 19. Rg3 f5 20. c4 Bc6
21. c5 g6 22. b4 a6 23. a4 Rc8 24. Bc2 Kf7 25. Rdd3 g5 26. fxg5 hxg5 27. hxg5
Kg6 28. Kc3 Rh8 29. Rh3 Rxh3 30. Rxh3 Kxg5 31. Kd4 Kg6 32. g4 Rf8 33. gxf5+
exf5 34. e6 Kf6 35. Bxf5 Bxa4 36. Rf3 Bd1 37. Rf1 Be2 38. Rf2 Ke7 39. Kxd5 Bd3
40. Ke5 Rf6 41. Rf4 Bxf5 42. Rxf5 Rxe6+ 43. Kd5 Re1 44. Rh5 1/2-1/2

[Event "BL 1112 USV TU Dresden - SV Mülheim Nor"]
[Site "?"]
[Date "2011.12.11"]
[Round "7.5"]
[White "Feygin, Michael"]
[Black "Wegener, Dirk"]
[Result "1-0"]
[WhiteElo "2521"]
[BlackElo "2364"]
[PlyCount "47"]
[EventDate "2011.??.??"]

1. d4 Nf6 2. Nc3 d5 3. Bg5 e6 4. e4 dxe4 5. Nxe4 Be7 6. Bxf6 gxf6 7. Nf3 f5 8.
Ned2 c5 9. dxc5 Bxc5 10. Bb5+ Nd7 11. Qe2 Qc7 12. O-O-O a6 13. Bd3 Be7 14. Rhe1
Nc5 15. Ne5 Bf6 16. Ndf3 Kf8 17. Qe3 b5 18. g4 fxg4 19. Qf4 Qe7 20. Nc6 e5 21.
Rxe5 Bxe5 22. Nfxe5 Qe6 23. Bf5 Qf6 24. Rd8+ 1-0

[Event "BL 1112 USV TU Dresden - SV Mülheim Nor"]
[Site "?"]
[Date "2011.12.11"]
[Round "7.6"]
[White "Hoffmann, Paul"]
[Black "Hausrath, Daniel"]
[Result "1/2-1/2"]
[WhiteElo "2317"]
[BlackElo "2507"]
[PlyCount "57"]
[EventDate "2011.??.??"]

1. e4 c5 2. Nf3 g6 3. d4 cxd4 4. Nxd4 Bg7 5. Nc3 Nc6 6. Be3 Nf6 7. Bc4 O-O 8.
Bb3 b6 9. f3 Bb7 10. Nxc6 dxc6 11. Qxd8 Rfxd8 12. a4 e6 13. Bc4 Ne8 14. Rd1 Nc7
15. Ke2 Ba6 16. Bxa6 Nxa6 17. Rxd8+ Rxd8 18. Rd1 Rxd1 19. Nxd1 f5 20. b3 fxe4
21. fxe4 Kf7 22. Nf2 Nb4 23. Kd2 c5 24. a5 Nc6 25. axb6 axb6 26. Kd3 Nb4+ 27.
Kd2 Nc6 28. Kd3 Ke7 29. Kd2 1/2-1/2

[Event "BL 1112 USV TU Dresden - SV Mülheim Nor"]
[Site "?"]
[Date "2011.12.11"]
[Round "7.7"]
[White "Levin, Felix"]
[Black "Seifert, Volker"]
[Result "1-0"]
[WhiteElo "2482"]
[BlackElo "2319"]
[PlyCount "61"]
[EventDate "2011.??.??"]

1. d4 e6 2. c4 Nf6 3. Nf3 b6 4. a3 Ba6 5. Qb3 c5 6. d5 g6 7. Nc3 exd5 8. cxd5
Bg7 9. e4 Bxf1 10. Kxf1 O-O 11. e5 Ng4 12. Bf4 f6 13. e6 dxe6 14. dxe6 Qd3+ 15.
Kg1 Nc6 16. e7+ Rf7 17. Qe6 Nxe7 18. Qxg4 f5 19. Qg3 Bxc3 20. bxc3 Qxc3 21. Be5
Qc4 22. h4 f4 23. Qh3 Rf5 24. h5 Rd8 25. hxg6 h5 26. Re1 Rd5 27. g7 Qa4 28. Ba1
Ng6 29. Kh2 Qd7 30. Re2 c4 31. Rhe1 1-0

[Event "BL 1112 SK König Tegel - SF Katernberg"]
[Site "?"]
[Date "2011.12.11"]
[Round "7.1"]
[White "Volokitin, Andrei"]
[Black "Rabiega, Robert"]
[Result "1/2-1/2"]
[WhiteElo "2686"]
[BlackElo "2501"]
[PlyCount "179"]
[EventDate "2011.??.??"]

1. e4 e5 2. Nf3 Nc6 3. Bb5 Nf6 4. O-O Nxe4 5. d4 Nd6 6. Bxc6 dxc6 7. dxe5 Nf5
8. Qxd8+ Kxd8 9. h3 Be7 10. Nc3 Ke8 11. Ne2 h5 12. Re1 Be6 13. Nf4 Rd8 14. Nxe6
fxe6 15. c3 Rd5 16. g3 Kf7 17. Kg2 Kg6 18. Bf4 Rhd8 19. Re2 a5 20. a4 R8d7 21.
Rd2 Rd8 22. Rad1 Rxd2 23. Rxd2 Rd5 24. g4 hxg4 25. hxg4 Nh4+ 26. Nxh4+ Bxh4 27.
c4 Rd8 28. Rxd8 Bxd8 29. Bd2 b6 30. b4 axb4 31. Bxb4 c5 32. Be1 Bg5 33. a5 bxa5
34. Bxa5 c6 35. Kg3 Bc1 36. f4 Bb2 37. Be1 Kf7 38. Bf2 g5 39. Bxc5 gxf4+ 40.
Kxf4 Kg6 41. Be3 Bc3 42. Ke4 Kf7 43. Bd4 Be1 44. Kd3 Kg6 45. Bc3 Bf2 46. Bd2
Bb6 47. Kc2 Bc7 48. Bf4 Ba5 49. Kd3 Bc7 50. Ke4 Ba5 51. Be3 Bc3 52. Kf4 Bb4 53.
Bb6 Bd2+ 54. Ke4 Bc3 55. Bd8 Bb2 56. Bf6 Bc3 57. Kd3 Be1 58. Kd4 Bf2+ 59. Kc3
Be1+ 60. Kb3 Bd2 61. Bd8 Be1 62. Kc2 Bg3 63. Bf6 Be1 64. Kd3 Bg3 65. Ke3 Be1
66. Bd8 Bc3 67. Ke4 Be1 68. Bb6 Kg5 69. Kf3 Bc3 70. Be3+ Kg6 71. Ke4 Ba5 72.
Bf4 Bc3 73. Bc1 Ba5 74. Ba3 Be1 75. Be7 Bf2 76. Bb4 Kg5 77. Kf3 Bd4 78. Bd2+
Kg6 79. Ke4 Bb6 80. Kf4 Bd4 81. Ba5 Bc5 82. Kf3 Kg5 83. Bd2+ Kg6 84. Ke4 Bb6
85. Kd3 Bc7 86. Bf4 Bb6 87. Kc2 Ba5 88. Kb3 Be1 89. Bc1 Ba5 90. Ka4 1/2-1/2

[Event "BL 1112 SK König Tegel - SF Katernberg"]
[Site "?"]
[Date "2011.12.11"]
[Round "7.4"]
[White "Muse, Mladen"]
[Black "Chuchelov, Vladimir"]
[Result "1/2-1/2"]
[WhiteElo "2443"]
[BlackElo "2538"]
[PlyCount "45"]
[EventDate "2011.??.??"]

1. Nf3 Nf6 2. c4 e6 3. Nc3 Bb4 4. Qc2 c5 5. a3 Ba5 6. e3 O-O 7. d4 b6 8. Be2
Bb7 9. O-O Qe7 10. Rd1 d5 11. Ne5 Rc8 12. cxd5 exd5 13. Bd2 Bxc3 14. Bxc3 Ne4
15. Bd3 f6 16. Nf3 c4 17. Bb4 Qe8 18. Bf1 Nc6 19. Be1 Ne7 20. Nd2 f5 21. Nb1
Bc6 22. a4 Bd7 23. f3 1/2-1/2

[Event "BL 1112 SK König Tegel - SF Katernberg"]
[Site "?"]
[Date "2011.12.11"]
[Round "7.5"]
[White "Firman, Nazar"]
[Black "Breier, Andreas"]
[Result "1-0"]
[WhiteElo "2517"]
[BlackElo "2400"]
[PlyCount "131"]
[EventDate "2011.??.??"]

1. e4 c5 2. Nf3 d6 3. d4 cxd4 4. Nxd4 Nf6 5. Nc3 a6 6. Be2 e5 7. Nb3 Be7 8. g4
h6 9. f4 Nc6 10. f5 b5 11. Bf3 Qb6 12. Qd3 Nb4 13. Qe2 d5 14. a3 d4 15. Nd1 Nc6
16. Nf2 a5 17. Bd2 Ba6 18. Nd3 Nd7 19. h4 b4 20. a4 Nd8 21. Qd1 Nb7 22. Nbc1
Qd8 23. g5 hxg5 24. hxg5 Rxh1+ 25. Bxh1 Bxg5 26. Qh5 Bxd2+ 27. Kxd2 Qf6 28. Bf3
Nd6 29. b3 Bb7 30. Nf2 Nc5 31. Ncd3 Rc8 32. Nxc5 Rxc5 33. Ng4 Qe7 34. f6 gxf6
35. Qh8+ Kd7 36. Nxf6+ Kc7 37. Rf1 Kb6 38. Be2 Bxe4 39. Qb8+ Bb7 40. Bg4 Ka6
41. Be2+ Kb6 42. Bg4 e4 43. Nd7+ Kc6 44. Nxc5 Qg5+ 45. Ke1 Qc1+ 46. Bd1 Qe3+
47. Be2 Qc3+ 48. Kf2 Qxc5 49. Bb5+ Nxb5 50. axb5+ Kb6 51. Qd8+ Kxb5 52. Kg3
Qe5+ 53. Kg4 Bd5 54. Rf5 Qg7+ 55. Rg5 f5+ 56. Kf4 Qb7 57. Rxf5 Kc5 58. Qxa5+
Kd6 59. Qd8+ Kc5 60. Qf8+ Kc6 61. Rxd5 Kxd5 62. Qf5+ Kd6 63. Qe5+ Kd7 64. Qg7+
Kc8 65. Qxb7+ Kxb7 66. Kxe4 1-0